|
|
|
|
| LEADER |
00000nab a2200000 ar4500 |
| 001 |
vtls009313920 |
| 003 |
SK-MaSNL |
| 005 |
20260303055845.0 |
| 008 |
080722|2007 xo |||||||||||||| b|slo |
| 015 |
|
|
|a SNBRA2008/07
|2 snkbucl
|
| 038 |
|
|
|a SNKBUCL
|
| 040 |
|
|
|a SNKBUCL
|b slo
|e AACR2
|c SNKBUCL
|
| 041 |
1 |
|
|a slo
|b ger
|
| 044 |
|
|
|a xo
|c SK
|
| 080 |
|
|
|a 903.4
|x (437.6)
|2 2001
|
| 080 |
|
|
|a 904:911.37
|x (437.6)
|2 2001
|
| 080 |
|
|
|a 902
|x (437.6)
|2 2001
|
| 100 |
1 |
|
|a Soják, Marián,
|d 1970-
|4 aut
|9 102637
|
| 245 |
1 |
0 |
|a Zaniknuté osídlenia v chotári Spišských Vlách
|c Marián Soják
|
| 300 |
|
|
|b Mapa, obr., tab.
|
| 504 |
|
|
|a Bibliogr. odkazy
|
| 546 |
|
|
|a Res. nem.
|
| 650 |
0 |
7 |
|a sídla (archeológia)
|2 snkbucl
|9 118352
|
| 650 |
0 |
7 |
|a pravek
|2 snkbucl
|9 4261
|
| 650 |
0 |
7 |
|a novovek
|2 snkbucl
|9 4260
|
| 650 |
0 |
7 |
|a archeologické nálezy
|2 snkbucl
|9 4975
|
| 651 |
|
7 |
|a Spišské Vlachy (Slovensko)
|2 snkbucl
|9 30828
|
| 655 |
|
7 |
|a štúdie
|2 snkbucl
|9 57033
|
| 773 |
0 |
|
|t Z minulosti Spiša XV
|d Levoča : Spišský dejepisný spolok, 2007
|g S. 7-23
|z 9788096945627
|
| 852 |
|
|
|a SNK
|b KIS3GCP
|
| 958 |
|
|
|a NB
|
| 999 |
|
|
|c 1729140
|d 1731070
|